000 00455ntaaa2200181 4500
003 01
005 20251027201444.0
008 0714s1973 ag 01
040 _aAR-BaBN
_bspa
_cAR-BaBN
_eaacr
_dRIC
082 _a226.3000 B78
100 _aBroadus, John A.
245 _aComentario sobre el Evangelio segĂșn Marcos
250 _a1 ed. :
_bC.B.P.,
_cn.f.
300 _a184 p.
650 _aBiblia-N.T.-Marcos
_99497
650 _aMarcos
_94389
942 _cBK
999 _c9097
_d9097